00611nam a2200205 a 450000100060000000300080000600500170001400800410003103500190007204000270009104100080011808200250012610000240015124500410017526000640021630000210028050400530030165000220035465000290037657733BD-RjUL20211209080539.0161211s2004 enk b 001 0 eng  a(BD-RjUL)57857 aDLCcDLCdBD-RjULbeng aeng00a307.76223bSHU 2004 aSharma, Rajendra K 10aUrban sociology /cRajendra K Sharma aNew Delhi :b Atlantic Publishers and Distributors, cc2004 a297 p. ;c23 cm. aIncludes bibliographical references and indexes. 0aSociology, Urban. 0aDialectical materialism.